Statistiques concernant Chansons de Graeme Allwright par premier vers

Cliquez ici pour prendre le quiz!

Statistiques générales

  • Ce quiz a été pris 8 fois
  • Le résultat moyen est 12 sur 20

Statistiques - réponses

ParolesChanson% Correct
J'ai rencontré une fille qui avait un visage d'angeDommage
100%
Le temps est loin de nos vingt ansIl faut que je m’en aille
100%
Tu es parti là-bas, sans savoir pourquoiJohnny
100%
En 1942 alors que j'étais à l'arméeJusqu’à la ceinture
100%
Ted Holworth était un notable dont l'argent venait de la merLa ligne Holworth
100%
Quand tous les affamés et tous les opprimés entendront tous l'appelLe jour de clarté
100%
Dans son manteau rouge et blanc sur un traîneau porté par le ventPetit garçon
100%
Je peux vous offrir un feu d'artifice de mille soleils éclatésViendras-tu avec moi ?
100%
J'entre à la maison, l'autre nuit, j'avais bu un peu de vinÇa je ne l’ai jamais vu
50%
Danse-moi à ta beauté avec un violon en flammesDanse-moi vers la fin de l'amour
50%
Il m'arrive quelque fois de rêver au passéDemain sera bien
50%
J'ai voyagé de Brest à BesançonEmmène-moi
50%
Quand les ondes sur l'étang réveillées par le ventGarde le souvenir
50%
Tous les hommes que tu as connus te disaient qu'ils ne voulaient plusL'étranger
50%
J'ai appelé mon père, j'ai dit "Père, change mon nom"Lover, Lover, Lover
50%
J'ai vu Jésus, sur la croix, sur le mont GolgothaDe passage
0%
La femme en bleu voudrait se vengerDiamants dans la mine
0%
Prends le train pour l'Angleterre ou bien l'EspagneJe perds ou bien je gagne
0%
Les lumières s'éteignent, je reste sur la scèneLa chanson de l'adieu
0%
L'odeur du pin de chardon écraséLa plage
0%

Distribution des résultats

Percentile par nombre de réponses

% des personnes avec chaque résultat

Votre développement - résultats

Vous n’avez pas pris ce quiz